Sports Quiz

Random Sports or Football Quiz
Score 0/48 Timer 07:00
0 Plays Today
Hint Answer % Correct
Opponent #21Texas
97.8%
Opponent #7Michigan
89%
Opponent #23Texas Christian
89%
Bowl Name #1Rose Bowl
89%
Bowl Name #2Rose Bowl
89%
Bowl Name #3Rose Bowl
89%
Bowl Name #4Rose Bowl
89%
Bowl Name #5Rose Bowl
89%
Bowl Name #6Rose Bowl
89%
Bowl Name #7Rose Bowl
89%
Bowl Name #8Rose Bowl
89%
Opponent #24Illinois
87.9%
Opponent #18Air Force
86.8%
Opponent #22Air Force
86.8%
Bowl Name #15Holiday Bowl
86.8%
Bowl Name #17Holiday Bowl
86.8%
Bowl Name #21Holiday Bowl
86.8%
Bowl Name #18Armed Forces Bowl
85.7%
Bowl Name #22Armed Forces Bowl
85.7%
Opponent #1Ohio State
84.6%
Opponent #6Ohio State
84.6%
Opponent #15Texas Tech
80.2%
Opponent #8Iowa
78%
Opponent #12Iowa
78%
Hint Answer % Correct
Bowl Name #24Redbox Bowl
74.7%
Opponent #19Miami
72.5%
Bowl Name #16Las Vegas Bowl
70.3%
Bowl Name #23Cheez-It Bowl
69.2%
Opponent #16BYU
65.9%
Opponent #17Texas A&M
64.8%
Opponent #20Utah
62.6%
Bowl Name #19Emerald Bowl
62.6%
Opponent #4Alabama
61.5%
Opponent #11Clemson
60.4%
Opponent #14Virginia Tech
59.3%
Bowl Name #12Alamo Bowl
57.1%
Opponent #5Northwestern
56%
Bowl Name #11Citrus Bowl
53.8%
Bowl Name #20Poinsettia Bowl
52.7%
Bowl Name #14Insight Bowl
50.5%
Opponent #13Navy
47.3%
Bowl Name #10Copper Bowl
44%
Opponent #10Wyoming
41.8%
Opponent #3Georgia Tech
36.3%
Bowl Name #13Aloha Bowl
31.9%
Bowl Name #9Garden State Bowl
25.3%
Opponent #9Temple
19.8%
Opponent #2Washington and Jefferson
14.3%
Remove Ads.
Support Sporcle.
Get the best of Sporcle when you Go Orange. This ad-free experience offers more features, more stats, and more fun while also helping to support Sporcle. Thank you for becoming a member.

You're not logged in!

Compare scores with friends on all Sporcle quizzes.
OR
Log In

Show Comments

Extras

Top Quizzes Today


Score Distribution

Your Account Isn't Verified!

In order to create a playlist on Sporcle, you need to verify the email address you used during registration. Go to your Sporcle Settings to finish the process.

Report this User

Report this user for behavior that violates our Community Guidelines.

Details: